书目信息 |
| 题名: |
约翰·杜威
|
|
| 作者: | 普林 著 ;吴建 , 张韵菲 译 | |
| 分册: | ||
| 出版信息: | 哈尔滨 黑龙江教育出版社 2016 |
|
| 页数: | 16,234页 | |
| 开本: | 21cm | |
| 丛书名: | 布鲁姆斯伯里图书馆之教育思想 | |
| 单 册: | ||
| 中图分类: | G40-097.12 | |
| 科图分类: | ||
| 主题词: | 教育思想--研究--美国--现代 | |
| 电子资源: | ||
| ISBN: | 978-7-5316-8917-1 | |
| 000 | 01477nam0 2200313 450 | |
| 001 | 1728576752 | |
| 005 | 20170405145712.24 | |
| 010 | @a978-7-5316-8917-1@dCNY28.00 | |
| 100 | @a20161025d2016 em y0chiy50 ea | |
| 101 | 1 | @achi@ceng |
| 102 | @aCN@b230000 | |
| 105 | @ay z 001yy | |
| 106 | @ar | |
| 200 | 1 | @a约翰·杜威@Ayue han·du wei@9yue han · du wei@dJohn Dewey@zeng@f(英)理查德·普林(Richard Pring)著@g吴建,张韵菲译 |
| 210 | @a哈尔滨@c黑龙江教育出版社@d2016 | |
| 215 | @a16,234页@d21cm | |
| 225 | 2 | @a布鲁姆斯伯里图书馆之教育思想 |
| 314 | @a理查德·普林 (Richard Pring),英国牛津大学格林坦普顿学院教育系荣誉退休教授,目前在英国温切斯特大学教书。作品有《教育的哲学》、《大众教育》等。 | |
| 330 | @a本书深入地介绍一位世界知名教育家约翰·杜威的教育理念和主要观点,对于人类文明、教育的发展以及为什么来到这里,杜威以他深邃的思考,尽可能浅显的文笔,为我们做了一次兼顾总结与展望的说明。也以新的视角重新衡量了教育家的思想、认知、建构、发展区间、阶段施教、批判性意识、提问式教育等名词,构成了西方教育家的核心观点,在近当代西方教育领域起着节点性的作用。 | |
| 410 | 0 | @12001 @a布鲁姆斯伯里图书馆之教育思想 |
| 510 | 1 | @aJohn Dewey@zeng |
| 600 | 0 | @a杜威@c(Dewey, John@f1859-1952)@x教育思想@x研究 |
| 606 | 0 | @a教育思想@x研究@y美国@z现代 |
| 690 | @aG40-097.12@v5 | |
| 701 | 0 | @c(英)@a普林@9pu lin@c(Pring, Richard)@4著 |
| 702 | 0 | @a吴建@9wu jian@4译 |
| 702 | 0 | @a张韵菲@9zhang yun fei@4译 |
| 801 | 0 | @aCN@b91MARC@c20161118 |
| 905 | @aBZT@dG40-097.12@e1 | |
| 约翰·杜威=John Dewey/(英)理查德·普林(Richard Pring)著/吴建,张韵菲译.-哈尔滨:黑龙江教育出版社,2016 |
| 16,234页;21cm.-(布鲁姆斯伯里图书馆之教育思想) |
| ISBN 978-7-5316-8917-1:CNY28.00 |
| 本书深入地介绍一位世界知名教育家约翰·杜威的教育理念和主要观点,对于人类文明、教育的发展以及为什么来到这里,杜威以他深邃的思考,尽可能浅显的文笔,为我们做了一次兼顾总结与展望的说明。也以新的视角重新衡量了教育家的思想、认知、建构、发展区间、阶段施教、批判性意识、提问式教育等名词,构成了西方教育家的核心观点,在近当代西方教育领域起着节点性的作用。 |
| ● |
| 相关链接 |
|
|
|
正题名:约翰·杜威
索取号:G40-097.12/1
 
预约/预借
| 序号 | 登录号 | 条形码 | 馆藏地/架位号 | 状态 | 备注 |
| 1 | 826244 | 2000826244 | 第二书库/ [索取号:G40-097.12/1] | 在馆 | |
| 2 | 826245 | 2000826245 | 第二书库/ [索取号:G40-097.12/1] | 在馆 | |
| 3 | 826246 | 2000826246 | 第二书库/ [索取号:G40-097.12/1] | 在馆 |